Annie and the Old One. (Record no. 254002)
[ view plain ]
| 000 -LEADER | |
|---|---|
| fixed length control field | 01253cam a22003491i 4500 |
| 001 - CONTROL NUMBER | |
| control field | 79129900 /AC/r84 |
| 005 - DATE AND TIME OF LATEST TRANSACTION | |
| control field | 20260205142100.0 |
| 008 - FIXED-LENGTH DATA ELEMENTS--GENERAL INFORMATION | |
| fixed length control field | 711014s1971 maua j 00001 eng |
| 010 ## - LIBRARY OF CONGRESS CONTROL NUMBER | |
| LC control number | 79129900 /AC/r84 |
| 035 ## - SYSTEM CONTROL NUMBER | |
| System control number | ()2189 |
| 050 0# - LIBRARY OF CONGRESS CALL NUMBER | |
| Classification number | PZ7.M5944 |
| Item number | An |
| 082 ## - DEWEY DECIMAL CLASSIFICATION NUMBER | |
| Classification number | [E] |
| 100 1# - MAIN ENTRY--PERSONAL NAME | |
| Personal name | Miles, Miska. |
| 9 (RLIN) | 7627 |
| 245 10 - TITLE STATEMENT | |
| Title | Annie and the Old One. |
| Statement of responsibility, etc | Illustrated by Peter Parnall. |
| 250 ## - EDITION STATEMENT | |
| Edition statement | [1st ed.]. |
| 260 ## - PUBLICATION, DISTRIBUTION, ETC. (IMPRINT) | |
| Place of publication, distribution, etc | Boston, |
| Name of publisher, distributor, etc | Little, Brown |
| Date of publication, distribution, etc | [1971] |
| 300 ## - PHYSICAL DESCRIPTION | |
| Extent | 44 p. |
| Other physical details | illus. (part col.) |
| Dimensions | 24 cm. |
| 350 ## - PRICE (NR) (BK AM CF MU VM SE) [OBSOLETE] | |
| Price | $3.95 |
| 490 ## - SERIES STATEMENT | |
| Series statement | Newbery |
| 500 ## - GENERAL NOTE | |
| General note | "An Atlantic Monthly Press book." |
| 520 ## - SUMMARY, ETC. | |
| Summary, etc | A Navajo girl unravels a day's weaving on a rug whose completion, she believes, will mean the death of her grandmother. |
| 650 ## - SUBJECT ADDED ENTRY--TOPICAL TERM | |
| Topical term or geographic name as entry element | Newbery Medal |
| 650 #1 - SUBJECT ADDED ENTRY--TOPICAL TERM | |
| Topical term or geographic name as entry element | Navajo Indians |
| General subdivision | Fiction. |
| 9 (RLIN) | 5697063 |
| 650 #1 - SUBJECT ADDED ENTRY--TOPICAL TERM | |
| Topical term or geographic name as entry element | Indians of North America |
| Geographic subdivision | Southwest, New |
| General subdivision | Fiction. |
| 9 (RLIN) | 6560497 |
| 650 #1 - SUBJECT ADDED ENTRY--TOPICAL TERM | |
| Topical term or geographic name as entry element | Death |
| General subdivision | Fiction. |
| 9 (RLIN) | 6509936 |
| 700 1# - ADDED ENTRY--PERSONAL NAME | |
| Personal name | Parnall, Peter, |
| Relator term | illus. |
| 9 (RLIN) | 11017 |
| 942 ## - ADDED ENTRY ELEMENTS (KOHA) | |
| Koha item type | BOOK |
| 948 ## - LOCAL PROCESSING INFORMATION (OCLC); SERIES PART DESIGNATOR (RLIN) | |
| Series part designator, SPT (RLIN) | 05/11/2004 |
| z (OCLC) | Sirsi |
| 949 10 - LOCAL PROCESSING INFORMATION (OCLC) | |
| b | 34301000119042 |
| c | J |
| d | MIL |
| e | c.1 |
| p | 521 |
| m | WCL |
| n | WCL |
| t | BK |
| 987 ## - LOCAL ROMANIZATION/CONVERSION HISTORY (OCLC) | |
| Romanization/conversion identifier | holdings : use? |
| 996 ## - | |
| -- | 2189 |
| -- | 34301001041294 |
| -- | JNEW |
| -- | bk |
| -- | wcl |
| -- | i |
| -- | 5 |
| -- | 17.99 |
| -- | amazon |
| -- | Mil |
| -- | 12/12/2011 |
| -- | 07/10/2017 |
| -- | 06/15/2017 |
| Withdrawn status | Lost status | Source of classification or shelving scheme | Damaged status | Not for loan | Collection code | Home library | Current library | Shelving location | Date acquired | Source of acquisition | Cost, normal purchase price | Total Checkouts | Total Renewals | Full call number | Barcode | Date last seen | Date checked out | Cost, replacement price | Price effective from | Koha item type |
|---|---|---|---|---|---|---|---|---|---|---|---|---|---|---|---|---|---|---|---|---|
| Dewey Decimal Classification | Junior Fiction | Wasatch County Library | Wasatch County Library | Main Floor Junior Area | 12/12/2011 | Amazon | 17.99 | 9 | 2 | J Miles | 34301001041294 | 01/25/2024 | 07/10/2023 | 17.99 | 03/20/2020 | BOOK |
